| 000 | 00797namaa22002291 4500 | ||
|---|---|---|---|
| 001 | 174083 | ||
| 003 | ES-MaACL | ||
| 005 | 20251011063154.0 | ||
| 008 | 100215s1935 cu |||| | spa d | ||
| 080 | _a972.91"1810/1899" | ||
| 080 | _a353.8(460) | ||
| 100 | 1 |
_aSaco, José Antonio, _d1797-1879 _9101259 |
|
| 245 | 1 | 0 |
_aIdeario reformista / _cJosé Antonio Saco. |
| 260 |
_aLa Habana : _bSecretaría de Educación, Dirección de Cultura, _c1935 ( _fTall. de Cultural) |
||
| 300 |
_a142 p. ; _c19 cm. |
||
| 490 | 1 |
_aCuadernos de cultura. Primera serie ; _v5 |
|
| 651 | 4 |
_aCuba- _xHistoria- _y1810-1899. _9148036 |
|
| 710 | 1 |
_aCuba. _bDirección General de Cultura. _9146958 |
|
| 830 | 1 |
_aCuadernos de cultura _v5 _9181245 |
|
| 852 |
_aES-MaACL _jC-57142 |
||
| 999 |
_c174083 _d174083 |
||